Heat and mass transfer/ (Record no. 2242)

000 -LEADER
fixed length control field 00360nam a22001337a 4500
008 - FIXED-LENGTH DATA ELEMENTS--GENERAL INFORMATION
fixed length control field 200218b ||||| |||| 00| 0 eng d
020 ## - INTERNATIONAL STANDARD BOOK NUMBER
International Standard Book Number 81-7649-610-3
100 ## - MAIN ENTRY--PERSONAL NAME
9 (RLIN) 1829
Personal name Agrawal, Shyam K.
245 10 - TITLE STATEMENT
Title Heat and mass transfer/
260 ## - PUBLICATION, DISTRIBUTION, ETC. (IMPRINT)
Place of publication, distribution, etc New-Delhi
Name of publisher, distributor, etc Viva Books
Date of publication, distribution, etc 2006
300 ## - PHYSICAL DESCRIPTION
Extent xiv,435p.
650 #0 - SUBJECT ADDED ENTRY--TOPICAL TERM
Topical term or geographic name as entry element Heat Transmission
942 ## - ADDED ENTRY ELEMENTS (KOHA)
Item type Books
Holdings
Withdrawn status Lost status Source of classification or shelving scheme Damaged status Not for loan Permanent location Current location Date acquired Source of acquisition Full call number Barcode Date last seen Cost, replacement price Koha item type Cost, normal purchase price
          IMU Kolkata IMU Kolkata 2008-02-24 B. Bross & Co. 621.4022 A2773 09998 2020-02-18 295.00 Books  
          IMU Kolkata IMU Kolkata 2020-07-01 12     2020-07-01 295.00 Books 295.00
Designed and Maintained by IMU-KC Library, Kolkata Campus © Copyright All Rights Reserved

webs counters

Powered by Koha